[Event "Montreal Varennes U1800 op"]
[Site "Montreal"]
[Date "2011.11.06"]
[Round "5"]
[White "Blais, Georges"]
[Black "Crepeault, Adam"]
[Result "1/2-1/2"]
[WhiteElo "1565"]
[BlackElo "1478"]
[PlyCount "53"]
[EventDate "2011.11.04"]
[EventType "swiss"]
[EventRounds "5"]
[EventCountry "CAN"]
[SourceTitle "EXT 2022"]
[Source "ChessBase"]
[SourceDate "2021.10.06"]
[SourceVersion "1"]
[SourceVersionDate "2021.10.06"]
[SourceQuality "1"]

1. Nf3 Nf6 2. d4 e6 3. Bf4 Be7 4. h3 b6 5. e3 Bb7 6. Bd3 d5 7. c3 h6 8. Nbd2 Nbd7 9. Qe2 c5 10. Bc2 a5 11. Ba4 Ba6 12. Bb5 Bxb5 13. Qxb5 0-0 14. 0-0 Re8 15. Ne5 Nxe5 16. dxe5 Nd7 17. Rad1 f6 18. Nf3 fxe5 19. Nxe5 Nxe5 20. Bxe5 Bd6 21. Bxd6 Qxd6 22. Qd3 Rad8 23. e4 Qe7 24. Qe3 dxe4 25. Qxe4 Rd6 26. Rxd6 Qxd6 27. Re1 1/2-1/2